Logistika a trendy v manažmente výroby

Logistika ako nová vedná disciplína a jej podiel na optimalizácii dopravy, výroby a informácií v podniku. Nová koncepcia v plánovaní a riadení výroby. Stanovenie cieľovej orientácie poslania podniku. Podrobná analýza súčasného stavu podniku - analýza "7 S". Realizácia konkrétnych organizačných zmien...

Descripción completa

Guardado en:
Detalles Bibliográficos
Autor principal: Stern, Juraj
Formato: Capítulo de libro
Lenguaje:eslovaco
Materias:
Etiquetas: Agregar Etiqueta
Sin Etiquetas, Sea el primero en etiquetar este registro!

MARC

LEADER 00000naa a2200000 4500
001 r022334
005 20230921121912.0
041 0 |a slo 
044 |a SK 
245 1 0 |a Logistika a trendy v manažmente výroby  |c Juraj Stern 
520 |a Logistika ako nová vedná disciplína a jej podiel na optimalizácii dopravy, výroby a informácií v podniku. Nová koncepcia v plánovaní a riadení výroby. Stanovenie cieľovej orientácie poslania podniku. Podrobná analýza súčasného stavu podniku - analýza "7 S". Realizácia konkrétnych organizačných zmien - na základe analýzy. Uplatnenie koncepcie Just-in-Time v celom materiálovom toku. Zabezpečenie pružnosti strojov a pracovníkov - budovanie počítačom integrovanej logistiky CIL (Computer Integrated Logistic), ako súčasti koncepcie CIM (Computer Integrated Manufacturing). 
610 2 0 |a logistika 
610 2 0 |a riadenie výroby 
610 2 0 |a plánovanie výroby 
610 2 0 |a stratégia podniková 
610 2 0 |a zmeny organizačné 
610 2 0 |a JIT 
610 2 0 |a tok materiálu 
610 2 0 |a CIM 
610 2 0 |a CIL 
610 2 0 |a automatizácia 
610 2 0 |a tok informácií 
100 1 |a Stern, Juraj